| 000 | 00447nam a2200193Ia 4500 | ||
|---|---|---|---|
| 008 | 170918s9999 xx 000 0 und d | ||
| 020 | _a1423100441 | ||
| 050 | _bC695 2004 | ||
| 100 | _aColfer, Eoin | ||
| 245 | 4 | _aThe artemis fowl files / | |
| 245 | _cby Eoin Colfer. | ||
| 260 | _aNew York : | ||
| 260 | _bHyperion Books, | ||
| 260 | _c2004 | ||
| 300 | _a187 pages : | ||
| 300 | _billustrations ; | ||
| 300 | _c19cm. | ||
| 500 | _a760 | ||
| 999 |
_c343894 _d343894 |
||